000 00383nam a22001577a 4500
008 230313b |||||||| |||| 00| 0 eng d
020 _a978-85-08-11095-7
050 _a37
100 _aVEIGA,Cynthia Greive
245 _aHistoria da Educacao
_cCYNTHIA, Greive Veiga
250 _a1a ed
260 _aSao Paulo
_bAtica
300 _a328p
440 _aColecao
942 _2udc
_cBK
999 _c49490
_d49489